000 00426 a2200109 4500
022 _a09684107
082 _a307.12 PAL
100 _aPalmer, C J
245 _aConstraints, Attitudes and Travel Behaviour of Low Income Household in two Developing Cities /
_cC J Palmer , A J Astrop, D A C Maunder
260 _aEngland :
_bTransport Research Foundation Group of Companies,
_c1997
300 _a19p. :
_bill. ;
_c30 cm
650 _aConstraints -- Travel Behaviour
999 _c2056
_d2056